[Event "M.Chigorin Memorial 2017 "]
[Site "?????-?????????"]
[Date "2017.10.22"]
[Round "2"]
[Board "87"]
[White "Kamalidenova, Meruert"]
[Black "Gogolev, Artem"]
[Result "0-1"]
[WhiteElo "1897"]
[BlackElo "2427"]
[PlyCount "108"]
[EventDate "2017.10.21"]
[EventRounds "9"]
[EventCountry "RUS"]

1. d4 Nf6 2. Nf3 e6 3. g3 d5 4. Bg2 b5 5. O-O Bb7 6. c3 c5 7. a4 b4 8. dxc5
Bxc5 9. cxb4 Bxb4 10. Qb3 a5 11. Nc3 Nbd7 12. Bf4 O-O 13. Rac1 Ba6 14. Qd1 Rc8
15. Na2 Bc5 16. Rb1 Qb6 17. Qe1 Qb3 18. Nc3 Bb4 19. Bd2 e5 20. Nh4 Nb6 21. Nf5
Rfe8 22. Qd1 Qxd1 23. Rfxd1 g6 24. Nh4 Bxc3 25. Bxc3 Bxe2 26. Re1 Bd3 27. Ra1
d4 28. Bxa5 Nc4 29. Bb4 Nxb2 30. Nf3 Be4 31. Bd6 Nc4 32. Bxe5 Nxe5 33. Nxe5
Rxe5 34. f3 Ra5 35. fxe4 Rc4 36. Bf3 Nd7 37. Be2 Rcxa4 38. Rxa4 Rxa4 39. Bb5
Ra7 40. Bxd7 Rxd7 41. Rd1 Kg7 42. e5 Kf8 43. Kf2 Ke7 44. Kf3 Ke6 45. Ke4 d3 46.
Rxd3 Rxd3 47. Kxd3 Kxe5 48. Ke3 h6 49. h4 h5 50. Kf3 Kf5 51. Kf2 Kg4 52. Kg2 f5
53. Kh2 f4 54. gxf4 Kxh4  0-1

[Event "M.Chigorin Memorial 2017 "]
[Site "?????-?????????"]
[Date "2017.10.22"]
[Round "2"]
[Board "88"]
[White "Litvinov, Maxim"]
[Black "Yarosh, Ruslan"]
[Result "1-0"]
[WhiteElo "2373"]
[BlackElo "2019"]
[PlyCount "71"]
[EventDate "2017.10.21"]
[EventRounds "9"]
[EventCountry "RUS"]

1. e4 d6 2. d4 Nf6 3. Nc3 Nbd7 4. f4 e5 5. Nf3 exd4 6. Qxd4 Be7 7. Be3 O-O 8.
O-O-O a6 9. h3 b5 10. e5 c5 11. Qd2 b4 12. Ne2 Ne8 13. Ng3 Qa5 14. Nf5 Bd8 15.
Kb1 dxe5 16. Nxe5 Nxe5 17. Qxd8 Qxd8 18. Rxd8 Nc6 19. Bxc5 Nxd8 20. Ne7+ Kh8
21. Nxc8 Rg8 22. Ne7 Ne6 23. Bxb4 a5 24. Ba3 Rf8 25. f5 Nf4 26. Nd5 Nxd5 27.
Bxf8 Nef6 28. Ba3 Ne3 29. g4 Ne4 30. Bd3 Nf2 31. Re1 Nxd3 32. Rxe3 Nb4 33. Bxb4
axb4 34. a3 bxa3 35. Rxa3 Rd8 36. b4  1-0

[Event "M.Chigorin Memorial 2017 "]
[Site "?????-?????????"]
[Date "2017.10.22"]
[Round "2"]
[Board "89"]
[White "Fenil, Shah"]
[Black "Kairbekova, Amina"]
[Result "1-0"]
[WhiteElo "2350"]
[BlackElo "1916"]
[PlyCount "57"]
[EventDate "2017.10.21"]
[EventRounds "9"]
[EventCountry "RUS"]

1. d4 Nf6 2. c4 c5 3. d5 b5 4. cxb5 a6 5. bxa6 g6 6. Nc3 Bg7 7. e4 O-O 8. Nf3
Qa5 9. Nd2 Bxa6 10. Be2 Bxe2 11. Qxe2 Na6 12. e5 Ne8 13. Nc4 Qb4 14. O-O Nec7
15. Bd2 Qb7 16. d6 exd6 17. Nxd6 Qc6 18. f4 Nb4 19. f5 Nc2 20. f6 Bh8 21. Rac1
Nd4 22. Qg4 Rfb8 23. b3 Nd5 24. Nce4 Rxa2 25. Rxc5 Qa8 26. Rfc1 Nb6 27. Nxf7
Ne6 28. Nh6+ Kf8 29. Bb4  1-0

[Event "M.Chigorin Memorial 2017 "]
[Site "?????-?????????"]
[Date "2017.10.22"]
[Round "2"]
[Board "90"]
[White "Ponfilenok, Vladimir"]
[Black "Eynullayev, Atilla"]
[Result "1-0"]
[WhiteElo "2350"]
[BlackElo "1919"]
[PlyCount "65"]
[EventDate "2017.10.21"]
[EventRounds "9"]
[EventCountry "RUS"]

1. d4 Nf6 2. c4 e6 3. g3 c5 4. d5 exd5 5. cxd5 d6 6. Nc3 g6 7. Bg2 Bg7 8. Nf3
O-O 9. O-O Nbd7 10. Bf4 Qe7 11. e4 Ng4 12. Bg5 f6 13. Bc1 f5 14. exf5 gxf5 15.
Bg5 Bf6 16. Re1 Nge5 17. Nxe5 Nxe5 18. f4 Bxg5 19. fxe5 Bd7 20. e6 Be8 21. Qd3
Bg6 22. Rf1 Bf6 23. Rae1 Kh8 24. Kh1 f4 25. Be4 fxg3 26. hxg3 Rg8 27. Kg2 Rg7
28. Bxg6 Rxg6 29. Ne4 Rf8 30. Rf3 Kg7 31. Ref1 h5 32. Qe3 b6 33. Rxf6  1-0

[Event "M.Chigorin Memorial 2017 "]
[Site "?????-?????????"]
[Date "2017.10.22"]
[Round "2"]
[Board "91"]
[White "Tsapalin, Sergey"]
[Black "Aliyev, Ravan"]
[Result "1-0"]
[WhiteElo "2016"]
[BlackElo "2341"]
[PlyCount "97"]
[EventDate "2017.10.21"]
[EventRounds "9"]
[EventCountry "RUS"]

1. d4 d5 2. c4 c6 3. Nf3 Nf6 4. e3 e6 5. Nbd2 c5 6. b3 cxd4 7. exd4 b6 8. Bb2
Bb7 9. Bd3 Nc6 10. O-O Be7 11. Rc1 O-O 12. Re1 Rc8 13. a3 dxc4 14. bxc4 Re8 15.
Ne4 Nxe4 16. Bxe4 Bf6 17. Qa4 Qc7 18. Qc2 h6 19. d5 Na5 20. Bxf6 gxf6 21. dxe6
fxe6 22. Bxb7 Nxb7 23. Nd4 Nc5 24. Nb5 Qh7 25. Nd6 Qxc2 26. Rxc2 Red8 27. Nxc8
Rxc8 28. Rd1 Kf7 29. f3 Ke7 30. Rd4 e5 31. Rh4 Rh8 32. Kf2 Kf7 33. Ke3 Kg6 34.
g4 Ne6 35. Rh5 Nf4 36. Rf5 h5 37. Rd2 hxg4 38. fxg4 Rh3+ 39. Ke4 Ne6 40. Kd5
Nf4+ 41. Kc6 Ne6 42. Rf1 Nd4+ 43. Kd5 Rh7 44. Rdf2 Rd7+ 45. Ke4 Rd6 46. h4 Nb3
47. Ke3 e4 48. Rf5 Nd2 49. Rxf6+  1-0

[Event "M.Chigorin Memorial 2017 "]
[Site "?????-?????????"]
[Date "2017.10.22"]
[Round "2"]
[Board "92"]
[White "Smorodkin, Kirill"]
[Black "Payen, Arnaud"]
[Result "0-1"]
[WhiteElo "1769"]
[BlackElo "2335"]
[PlyCount "104"]
[EventDate "2017.10.21"]
[EventRounds "9"]
[EventCountry "RUS"]

1. e4 Nf6 2. e5 Nd5 3. d4 d6 4. c4 Nb6 5. exd6 exd6 6. Nc3 Be7 7. Bd3 Nc6 8.
Nge2 Bg4 9. Be3 Bh5 10. h3 O-O 11. O-O Re8 12. Qd2 Bg6 13. Bxg6 hxg6 14. b3 Bf6
15. Rad1 d5 16. c5 Nc8 17. Ng3 N8e7 18. Nce2 Qd7 19. Bg5 Nf5 20. Bxf6 gxf6 21.
Nxf5 Qxf5 22. Ng3 Qg5 23. Qxg5 fxg5 24. Rd2 Re6 25. Ne2 f5 26. Nc3 Rd8 27. g3
Kf7 28. Kg2 a6 29. Rb1 Re7 30. b4 Rdd7 31. a4 a5 32. b5 Nb4 33. Na2 Nxa2 34.
Rxa2 Re4 35. Rd2 Rde7 36. Kf1 Kf6 37. Rbd1 f4 38. gxf4 gxf4 39. Ra1 Kf5 40. Ra3
g5 41. Kg2 Re1 42. Raa2 R7e4 43. Ra3 Rc1 44. h4 g4 45. f3 Ree1 46. fxg4+ Kxg4
47. Kf2 Rh1 48. Kg2 f3+ 49. Kf2 Rh2+ 50. Ke3 Re1+ 51. Kd3 Rxd2+ 52. Kxd2 f2  0-1

[Event "M.Chigorin Memorial 2017 "]
[Site "?????-?????????"]
[Date "2017.10.22"]
[Round "2"]
[Board "93"]
[White "Soumya, Swaminathan"]
[Black "Yurasova, Daria"]
[Result "1-0"]
[WhiteElo "2320"]
[BlackElo "1849"]
[PlyCount "43"]
[EventDate "2017.10.21"]
[EventRounds "9"]
[EventCountry "RUS"]

1. d4 Nf6 2. c4 b6 3. Nc3 Bb7 4. Nf3 e6 5. a3 Be7 6. d5 O-O 7. e4 exd5 8. cxd5
Bd6 9. Bd3 c6 10. O-O cxd5 11. e5 d4 12. Nb5 Bxe5 13. Nxe5 Re8 14. Bf4 Nd5 15.
Nxf7 Qf6 16. Bg3 Qc6 17. Nfd6 Ne3 18. Qb3+ Re6 19. Be4 Qxe4 20. Nxe4 Bd5 21.
Qa4 Nxf1 22. Rxf1  1-0

[Event "M.Chigorin Memorial 2017 "]
[Site "?????-?????????"]
[Date "2017.10.22"]
[Round "2"]
[Board "94"]
[White "Xu, Minghui"]
[Black "Bulsoev, Alexander"]
[Result "1-0"]
[WhiteElo "2318"]
[BlackElo "1853"]
[PlyCount "77"]
[EventDate "2017.10.21"]
[EventRounds "9"]
[EventCountry "RUS"]

1. Nf3 d5 2. c4 c6 3. e3 Nf6 4. Nc3 Bf5 5. cxd5 cxd5 6. Qb3 Qd7 7. Ne5 Qc7 8.
Bb5+ Nbd7 9. Nxd7 Bxd7 10. Nxd5 Nxd5 11. Qxd5 e6 12. Qxd7+ Qxd7 13. Bxd7+ Kxd7
14. d4 Rc8 15. Bd2 Rc6 16. Rb1 Bd6 17. Ke2 Rhc8 18. Rhc1 f6 19. h3 h5 20. Rxc6
bxc6 21. Rc1 g5 22. b3 g4 23. hxg4 hxg4 24. Rh1 Re8 25. e4 Re7 26. Kd3 Kc7 27.
Rh6 Rf7 28. Rg6 f5 29. e5 Be7 30. Rxe6 Rh7 31. Bf4 Kd7 32. Rg6 Rh8 33. e6+ Ke8
34. Be5 Rf8 35. d5 cxd5 36. Kd4 Bd8 37. Kxd5 Bb6 38. Rg7 Bxf2 39. Rb7  1-0

[Event "M.Chigorin Memorial 2017 "]
[Site "?????-?????????"]
[Date "2017.10.22"]
[Round "2"]
[Board "95"]
[White "Borisovsky, Dmitry"]
[Black "Shakhmatov, Roman"]
[Result "1-0"]
[WhiteElo "2304"]
[BlackElo "1787"]
[PlyCount "83"]
[EventDate "2017.10.21"]
[EventRounds "9"]
[EventCountry "RUS"]

1. e4 e6 2. d4 d5 3. Nc3 Nf6 4. e5 Nfd7 5. f4 c5 6. Nf3 Nc6 7. Be3 cxd4 8. Nxd4
Bc5 9. Qd2 Nxd4 10. Bxd4 Bxd4 11. Qxd4 Qb6 12. Qxb6 Nxb6 13. a4 a6 14. a5 Nd7
15. h4 h5 16. Rh3 Nb8 17. Na4 Bd7 18. Nb6 Ra7 19. c4 dxc4 20. Bxc4 Bc6 21. Rd1
Ke7 22. Rhd3 Re8 23. Kf2 g6 24. b4 Rg8 25. g3 Re8 26. Ke3 Rg8 27. Rd6 Re8 28.
R1d2 Rg8 29. Be2 Re8 30. Kd4 Nd7 31. Nxd7 Bxd7 32. Kc5 Bc6 33. Kb6 Raa8 34.
Rxc6 bxc6 35. Bxa6 Rxa6+ 36. Kxa6 Rb8 37. Rd6 f6 38. Rxc6 fxe5 39. Rb6 exf4 40.
Rxb8 f3 41. Rc8 e5 42. Rc3  1-0

[Event "M.Chigorin Memorial 2017 "]
[Site "?????-?????????"]
[Date "2017.10.22"]
[Round "2"]
[Board "96"]
[White "Klepikov, Nikita"]
[Black "Patarin, Arnaud"]
[Result "1-0"]
[WhiteElo "2272"]
[BlackElo "1766"]
[PlyCount "115"]
[EventDate "2017.10.21"]
[EventRounds "9"]
[EventCountry "RUS"]

1. e4 c5 2. Nf3 Nc6 3. d4 cxd4 4. Nxd4 g6 5. Nc3 Bg7 6. Be3 Nf6 7. Bc4 O-O 8.
Bb3 d6 9. f3 Bd7 10. Qd2 Na5 11. h4 h5 12. Bh6 Nxb3 13. axb3 a5 14. O-O-O a4
15. bxa4 Bxa4 16. Bxg7 Kxg7 17. Nxa4 Rxa4 18. Nb3 Qb6 19. Qc3 Rfa8 20. Rhf1 Qa6
21. Kd2 Rc4 22. Qd3 Rac8 23. Rc1 Nd7 24. Ke1 Ne5 25. Qe2 Qa2 26. Kf2 Qxb2 27.
Na1 Qd4+ 28. Kg3 Rc3 29. Rfd1 Nd3 30. cxd3 Rxc1 31. Nb3 Qe5+ 32. f4 R1c2 33.
Qxc2 Qxf4+ 34. Kxf4 Rxc2 35. Rd2 Rc3 36. Na5 b6 37. Nc4 b5 38. Nb2 e5+ 39. Ke3
f5 40. Nd1 Rc1 41. Ke2 Kf6 42. Rb2 Rc5 43. Ne3 fxe4 44. dxe4 g5 45. Rd2 gxh4
46. Rxd6+ Kg5 47. Rd5 Rxd5 48. exd5 e4 49. Nc2 Kf5 50. Ke3 Ke5 51. Nb4 h3 52.
gxh3 h4 53. Kd2 Kf5 54. Nc6 Kf6 55. Ke2 Kf5 56. Ke3 b4 57. Nxb4 Ke5 58. Kd2  1-0

[Event "M.Chigorin Memorial 2017 "]
[Site "?????-?????????"]
[Date "2017.10.22"]
[Round "2"]
[Board "97"]
[White "Ashid, Tsetsegulzii"]
[Black "Murzin, Volodar"]
[Result "0-1"]
[WhiteElo "1892"]
[BlackElo "2270"]
[PlyCount "70"]
[EventDate "2017.10.21"]
[EventRounds "9"]
[EventCountry "RUS"]

1. e4 c5 2. Nf3 d6 3. d4 cxd4 4. Nxd4 Nf6 5. Nc3 a6 6. g3 e5 7. Nde2 Be6 8. Bg2
Be7 9. O-O Nbd7 10. a4 O-O 11. b3 b5 12. axb5 axb5 13. Rxa8 Qxa8 14. Nxb5 Nxe4
15. Nc7 Qb7 16. Nxe6 fxe6 17. Qe1 d5 18. Bxe4 dxe4 19. Nc3 Nf6 20. Bg5 Rc8 21.
Bd2 Qc6 22. h3 Bb4 23. Nxe4 Nxe4 24. Bxb4 Ng5 25. f4 Nf3+ 26. Rxf3 Qxf3 27.
Qxe5 Qxg3+ 28. Kh1 Qxh3+ 29. Kg1 Rxc2 30. Qb8+ Kf7 31. Qb7+ Kg6 32. Qe4+ Qf5
33. Qxf5+ Kxf5 34. Bd6 Rc6 35. Be5 g5  0-1

[Event "M.Chigorin Memorial 2017 "]
[Site "?????-?????????"]
[Date "2017.10.22"]
[Round "2"]
[Board "98"]
[White "Grinblat, Artemiy"]
[Black "Strybuk, Artsiom I"]
[Result "1-0"]
[WhiteElo "2268"]
[BlackElo "1834"]
[PlyCount "105"]
[EventDate "2017.10.21"]
[EventRounds "9"]
[EventCountry "RUS"]

1. e4 c5 2. c3 d5 3. exd5 Qxd5 4. d4 Nf6 5. Nf3 Bg4 6. dxc5 Qxd1+ 7. Kxd1 Nc6
8. Be3 e5 9. Be2 Nd5 10. b4 a5 11. b5 O-O-O 12. Ke1 e4 13. Ng5 Nxe3 14. fxe3
Ne5 15. Bxg4+ Nxg4 16. Nxf7 Nxe3 17. Nxd8 Kxd8 18. Kd2 Bxc5 19. Re1 Nc4+ 20.
Kc2 e3 21. Kb3 Nd6 22. Na3 Kc7 23. Nc2 Re8 24. Rad1 Re4 25. a4 b6 26. Re2 g6
27. g3 h5 28. Rf1 Nf5 29. Rf4 Re5 30. Nd4 Bxd4 31. cxd4 Rd5 32. Kc4 Kd6 33. g4
hxg4 34. Rxg4 g5 35. h4 Nxh4 36. Rxe3 Rf5 37. Re5 Rxe5 38. dxe5+ Kxe5 39. Rxg5+
Kd6 40. Rg7 Nf3 41. Rg6+ Kc7 42. Kd5 Nd2 43. Rg7+ Kb8 44. Kc6 Nc4 45. Rg8+ Ka7
46. Rg7+ Ka8 47. Re7 Nb2 48. Re4 Ka7 49. Rd4 Kb8 50. Kxb6 Kc8 51. Kxa5 Kb7 52.
Kb4 Kb6 53. a5+  1-0

[Event "M.Chigorin Memorial 2017 "]
[Site "?????-?????????"]
[Date "2017.10.22"]
[Round "2"]
[Board "99"]
[White "Golovanskikh, Dmitriy"]
[Black "Manush, Shah"]
[Result "0-1"]
[WhiteElo "1471"]
[BlackElo "2109"]
[PlyCount "48"]
[EventDate "2017.10.21"]
[EventRounds "9"]
[EventCountry "RUS"]

1. d4 d5 2. c4 c6 3. Nf3 Nf6 4. e3 Bf5 5. Nc3 a6 6. Nh4 Bg4 7. Qb3 b5 8. cxd5
cxd5 9. h3 Bc8 10. Bd2 Nc6 11. a4 b4 12. Ne2 e6 13. Ng3 Bd6 14. Ne2 Na5 15. Qc2
Bd7 16. Nc1 Rc8 17. Qd1 Nc4 18. Bxc4 dxc4 19. Ne2 c3 20. Bc1 Bc6 21. O-O Qa5
22. bxc3 Qh5 23. Nf3 Bxf3 24. gxf3 Qxh3  0-1

[Event "M.Chigorin Memorial 2017 "]
[Site "?????-?????????"]
[Date "2017.10.22"]
[Round "2"]
[Board "100"]
[White "Nikitin, Vladimir"]
[Black "Sengupta, Deep"]
[Result "0-1"]
[WhiteElo "1925"]
[BlackElo "2587"]
[PlyCount "98"]
[EventDate "2017.10.21"]
[EventRounds "9"]
[EventCountry "RUS"]

1. Nf3 d5 2. g3 Nf6 3. Bg2 c5 4. O-O e6 5. d3 Nc6 6. Nbd2 Be7 7. e4 O-O 8. Re1
b5 9. Qe2 Re8 10. Nf1 a5 11. e5 Nd7 12. h4 b4 13. Bf4 Ba6 14. Ne3 c4 15. dxc4
Nb6 16. b3 Qc7 17. Ng4 Bf8 18. Ng5 h6 19. Nh3 Kh8 20. Bxh6 gxh6 21. Nf6 Nd7 22.
Nxe8 Rxe8 23. Qh5 Ncxe5 24. cxd5 Bg7 25. Rad1 exd5 26. Qf5 Nf6 27. Qf4 Bb7 28.
Qd4 Ne4 29. Qa7 Nc3 30. Rc1 Ra8 31. Qe3 d4 32. Qf4 Bxg2 33. Kxg2 d3 34. f3 Ne2
35. Rxe2 dxe2 36. Qe3 Rd8 37. Qxe2 Qc3 38. Rd1 Rxd1 39. Qxd1 Nc6 40. Qd7 Qxc2+
41. Kh1 Ne5 42. Qd5 Qd3 43. Qa8+ Kh7 44. Ng1 Qb1 45. Kg2 Qxa2+ 46. Kh3 Qb1 47.
Kg2 Qc2+ 48. Kh3 Qf2 49. Qe4+ Kg8  0-1

[Event "M.Chigorin Memorial 2017 "]
[Site "?????-?????????"]
[Date "2017.10.22"]
[Round "2"]
[Board "101"]
[White "Steinberg, Nitzan"]
[Black "Nuritdinov, Nizomitdin"]
[Result "1-0"]
[WhiteElo "2524"]
[BlackElo "1924"]
[PlyCount "79"]
[EventDate "2017.10.21"]
[EventRounds "9"]
[EventCountry "RUS"]

1. e4 e5 2. Nf3 Nc6 3. Bb5 d6 4. c3 a6 5. Ba4 b5 6. Bb3 Nf6 7. h3 h6 8. O-O Be7
9. d4 O-O 10. Re1 Bb7 11. Nbd2 a5 12. a3 a4 13. Ba2 Qd7 14. Nf1 exd4 15. cxd4
Na5 16. Ng3 c5 17. d5 Rfe8 18. Bd2 Bf8 19. Bc3 Qd8 20. Qd2 Nb3 21. Bxb3 axb3
22. Qd1 c4 23. Nd4 Qd7 24. Ndf5 Qd8 25. Qd4 Kh7 26. Rad1 Bc8 27. f4 Qc7 28. Kh1
Bb7 29. Qf2 Rad8 30. Bxf6 gxf6 31. Nh5 Be7 32. Qh4 Bc8 33. Nxf6+ Bxf6 34. Qxh6+
Kg8 35. Qxf6 Bxf5 36. exf5 c3 37. Qg5+ Kf8 38. f6 Re5 39. fxe5 c2 40. Qg7+  1-0

[Event "M.Chigorin Memorial 2017 "]
[Site "?????-?????????"]
[Date "2017.10.22"]
[Round "2"]
[Board "102"]
[White "Yatzenko, Anton"]
[Black "Nikitin, Sergey E."]
[Result "1-0"]
[WhiteElo "2365"]
[BlackElo "1923"]
[PlyCount "93"]
[EventDate "2017.10.21"]
[EventRounds "9"]
[EventCountry "RUS"]

1. Nc3 d5 2. e4 c6 3. Nf3 Bg4 4. h3 Bxf3 5. Qxf3 e6 6. g3 Nd7 7. d3 g6 8. Bg2
Bg7 9. O-O Ne7 10. Qe2 O-O 11. f4 Nb6 12. e5 Nf5 13. Qf2 h5 14. Ne2 Qe7 15. Bd2
c5 16. c3 Rac8 17. Rae1 c4 18. d4 Na4 19. Bc1 Nh6 20. Bf3 Kh7 21. g4 hxg4 22.
hxg4 Rh8 23. Kg2 Kg8 24. Rh1 Kf8 25. Ng3 Nb6 26. Rh2 Ke8 27. Reh1 Qf8 28. Be3
Kd7 29. Qd2 Rg8 30. f5 Nxf5 31. gxf5 exf5 32. Bh6 Qe7 33. Bg5 Qe6 34. Ne2 Kc6
35. Nf4 Qd7 36. b3 Kc7 37. bxc4 dxc4 38. Qb2 Kb8 39. Rh7 Qe8 40. Nd5 Nxd5 41.
Bxd5 b6 42. Qa3 Rc7 43. Rb1 Bxe5 44. Rxb6+ Kc8 45. Qa6+ Kd7 46. Qb5+ Kc8 47.
Rb8#  1-0

[Event "M.Chigorin Memorial 2017 "]
[Site "?????-?????????"]
[Date "2017.10.22"]
[Round "2"]
[Board "103"]
[White "Ahmadzada, Ahmad"]
[Black "Yakimenko, Viktoria"]
[Result "0-1"]
[WhiteElo "2345"]
[BlackElo "1922"]
[PlyCount "74"]
[EventDate "2017.10.21"]
[EventRounds "9"]
[EventCountry "RUS"]

1. e4 c5 2. Nf3 d6 3. d4 cxd4 4. Nxd4 Nf6 5. Nc3 a6 6. Be2 e6 7. O-O b5 8. Bf3
e5 9. Nf5 h6 10. a4 bxa4 11. Nd5 Nbd7 12. Nxf6+ Nxf6 13. Rxa4 d5 14. Ng3 d4 15.
c3 Bd7 16. cxd4 Bxa4 17. Qxa4+ Qd7 18. Qa5 Qb5 19. Qc7 exd4 20. Nf5 Rd8 21. Bd2
Rd7 22. Qc8+ Rd8 23. Qc7 Rd7 24. Qg3 g6 25. e5 gxf5 26. exf6 Bd6 27. Re1+ Kd8
28. Bf4 Qb4 29. Rf1 d3 30. Qg7 Qxf4 31. Qxh8+ Kc7 32. g3 Qxf3 33. Rc1+ Kb6 34.
Qxh6 Bc5 35. Qd2 Qe2 36. Qf4 d2 37. Qb8+ Rb7  0-1

[Event "M.Chigorin Memorial 2017 "]
[Site "?????-?????????"]
[Date "2017.10.22"]
[Round "2"]
[Board "104"]
[White "Schetchikov, Vladimir"]
[Black "Davtyan, Artur"]
[Result "0-1"]
[WhiteElo "1916"]
[BlackElo "2318"]
[PlyCount "98"]
[EventDate "2017.10.21"]
[EventRounds "9"]
[EventCountry "RUS"]

1. c4 e6 2. g3 Nf6 3. Bg2 d5 4. Nf3 dxc4 5. Qa4+ Nbd7 6. Qxc4 a6 7. O-O b5 8.
Qc2 Bb7 9. d3 Be7 10. a4 O-O 11. Bg5 h6 12. Bd2 Nb6 13. axb5 axb5 14. Rxa8 Bxa8
15. Rc1 c5 16. Ba5 Qb8 17. Bd2 Rc8 18. Bf4 Qa7 19. Nc3 b4 20. Nd1 Qa2 21. b3
Qxc2 22. Rxc2 Bd5 23. Nd2 Ra8 24. e4 Bc6 25. Bf3 Bb5 26. Be2 Nfd7 27. Ne3 g5
28. Bc7 Ra1+ 29. Kg2 Na8 30. Bf4 gxf4 31. gxf4 Nab6 32. e5 Nd5 33. Nxd5 exd5
34. Nf1 Nf8 35. f5 Nd7 36. f4 Nb6 37. f6 Bf8 38. Ne3 d4 39. Nf5 Nd5 40. Kg3 Nc3
41. Ne7+ Bxe7 42. fxe7 Ra7 43. e8=Q+ Bxe8 44. Bh5 Bb5 45. Rg2 Ra2 46. Rg1 Bxd3
47. Kh4+ Kf8 48. h3 c4 49. bxc4 b3  0-1

[Event "M.Chigorin Memorial 2017 "]
[Site "?????-?????????"]
[Date "2017.10.22"]
[Round "2"]
[Board "105"]
[White "Donskov, Anatoly"]
[Black "Kuizhev, Adam"]
[Result "1-0"]
[WhiteElo "2308"]
[BlackElo "1911"]
[PlyCount "99"]
[EventDate "2017.10.21"]
[EventRounds "9"]
[EventCountry "RUS"]

1. e4 c6 2. d4 d5 3. e5 Bf5 4. Nf3 e6 5. Be2 Ne7 6. Nbd2 c5 7. dxc5 Nec6 8. Nb3
Nd7 9. Bf4 Nxc5 10. Nbd4 Bg6 11. h4 h6 12. c3 Qb6 13. h5 Bh7 14. Nb3 Nxb3 15.
axb3 Be7 16. Ra4 Bc5 17. O-O Qd8 18. Qd2 Bb6 19. Re1 Qd7 20. Bg3 a6 21. Nh2 Na5
22. Bd1 Nc6 23. Ng4 Bc7 24. Bf4 Bd8 25. Re3 b5 26. Ra1 Bf5 27. Be2 Be7 28. Nh2
Bh4 29. Bxb5 Qb7 30. Ba4 Be4 31. Qe2 Be7 32. Qg4 Kd7 33. b4 Bf5 34. Qe2 Kc7 35.
Rg3 g5 36. Bd2 f6 37. exf6 Bd6 38. Re3 Bf4 39. Rxe6 Bxe6 40. Bxf4+ gxf4 41.
Qxe6 Rae8 42. Qf7+ Kb8 43. Qxd5 Rc8 44. Re1 Rhd8 45. Qf5 Rg8 46. Qxf4+ Ka8 47.
Nf3 Qd7 48. f7 Rgf8 49. Ne5 Qe7 50. Qe4  1-0

[Event "M.Chigorin Memorial 2017 "]
[Site "?????-?????????"]
[Date "2017.10.22"]
[Round "2"]
[Board "106"]
[White "Pavlov, Mark"]
[Black "Remizov, Yaroslav"]
[Result "0-1"]
[WhiteElo "1909"]
[BlackElo "2306"]
[PlyCount "46"]
[EventDate "2017.10.21"]
[EventRounds "9"]
[EventCountry "RUS"]

1. d4 d5 2. c4 e6 3. Nf3 c6 4. Qc2 Bd6 5. g3 f5 6. Bg2 Nf6 7. O-O O-O 8. b3
Nbd7 9. Bb2 Ne4 10. Ne5 Qf6 11. f3 Nxe5 12. dxe5 Bc5+ 13. e3 Bxe3+ 14. Rf2 Qh6
15. fxe4 fxe4 16. Bc1 Bxf2+ 17. Kh1 e3 18. Nc3 Bxg3 19. h3 Bxe5 20. Ba3 Qf4 21.
Bf1 Qxf1+ 22. Rxf1 Rxf1+ 23. Kg2 Rf2+  0-1

[Event "M.Chigorin Memorial 2017 "]
[Site "?????-?????????"]
[Date "2017.10.22"]
[Round "2"]
[Board "107"]
[White "Sokolov, Ilia"]
[Black "Makarian, Rudik"]
[Result "1/2-1/2"]
[WhiteElo "1909"]
[BlackElo "2263"]
[PlyCount "132"]
[EventDate "2017.10.21"]
[EventRounds "9"]
[EventCountry "RUS"]

1. Nf3 d5 2. g3 Bg4 3. Bg2 c6 4. O-O Nd7 5. d4 e6 6. Bg5 Ngf6 7. Ne5 Bf5 8. Nd2
Nxe5 9. dxe5 h6 10. Bxf6 gxf6 11. exf6 Qxf6 12. e4 dxe4 13. Nxe4 Bxe4 14. Bxe4
Bc5 15. Qf3 Qxf3 16. Bxf3 Ke7 17. Rad1 Rad8 18. Rxd8 Rxd8 19. Rd1 Bd6 20. Kf1
Rg8 21. h4 f5 22. Ke2 Bc5 23. Kf1 e5 24. Kg2 Bd6 25. Re1 e4 26. c3 Kd7 27. Bh5
Ke6 28. Bd1 Rg7 29. Bb3+ Kf6 30. Re2 Bc7 31. Re1 Bd6 32. Re2 Be5 33. Re1 Bc7
34. Kf1 Ke5 35. Bc2 b5 36. a4 a6 37. axb5 axb5 38. Ra1 e3 39. Ra6 Kd5 40. Bxf5
exf2 41. Kxf2 Bxg3+ 42. Kf3 Rf7 43. Kxg3 Rxf5 44. Kg4 Re5 45. b3 Kc5 46. c4
Re4+ 47. Kh5 bxc4 48. bxc4 Rxc4 49. Ra8 Re4 50. Rh8 Kd5 51. Rxh6 c5 52. Rh8 c4
53. Rc8 Kd4 54. Kg5 Re5+ 55. Kg6 Rc5 56. Rd8+ Ke3 57. h5 c3 58. Rd1 Ke2 59. Rh1
Rc6+ 60. Kg7 Rc7+ 61. Kg6 Rc6+ 62. Kg7 Rc7+ 63. Kg6 c2 64. h6 Rc6+ 65. Kg7 Rc7+
66. Kg6 Rc8  1/2-1/2

[Event "M.Chigorin Memorial 2017 "]
[Site "?????-?????????"]
[Date "2017.10.22"]
[Round "2"]
[Board "108"]
[White "Mkrtchyan, Sargis R."]
[Black "Shojhet, Sofiy"]
[Result "1-0"]
[WhiteElo "2145"]
[BlackElo "1905"]
[PlyCount "62"]
[EventDate "2017.10.21"]
[EventRounds "9"]
[EventCountry "RUS"]

1. d4 e6 2. Nf3 Nf6 3. c4 Bb4+ 4. Bd2 Be7 5. g3 O-O 6. Bg2 d5 7. O-O b6 8. Nc3
Bb7 9. cxd5 exd5 10. Bf4 c5 11. Qc2 Na6 12. Rad1 c4 13. Ne5 Qc8 14. Bg5 Rd8 15.
e4 Nb4 16. Qb1 h6 17. Bxf6 Bxf6 18. a3 Bxe5 19. dxe5 Nd3 20. Rxd3 cxd3 21. exd5
Qc4 22. Qc1 Rac8 23. d6 Bxg2 24. Kxg2 a5 25. Rd1 b5 26. Qe3 b4 27. axb4 axb4
28. Ne4 Qc2 29. Rd2 Qc6 30. Rxd3 Rd7 31. Qf3 Re8  1-0

[Event "M.Chigorin Memorial 2017 "]
[Site "?????-?????????"]
[Date "2017.10.22"]
[Round "2"]
[Board "109"]
[White "Yakovlev, Yuri S."]
[Black "Ufimtsev, Egor"]
[Result "0-1"]
[WhiteElo "1876"]
[BlackElo "2143"]
[PlyCount "58"]
[EventDate "2017.10.21"]
[EventRounds "9"]
[EventCountry "RUS"]

1. e4 c5 2. Nf3 e6 3. c4 Nc6 4. Nc3 Nd4 5. d3 Ne7 6. Be3 Nec6 7. Be2 Be7 8. O-O
O-O 9. Qd2 a6 10. h3 f5 11. exf5 Rxf5 12. Nh2 b6 13. Bg4 Rf8 14. f4 Bb7 15. Nf3
Qc7 16. Ne4 Nf5 17. Bxf5 Rxf5 18. Rf2 d5 19. Ng3 d4 20. Nxf5 exf5 21. Bxd4 Nxd4
22. Nxd4 cxd4 23. Re1 Bh4 24. Rfe2 Bxe1 25. Qxe1 Qc6 26. Kh2 Kf7 27. Re7+ Kf8
28. Re2 Re8 29. Qb4+ Qc5  0-1

[Event "M.Chigorin Memorial 2017 "]
[Site "?????-?????????"]
[Date "2017.10.22"]
[Round "2"]
[Board "110"]
[White "Golikov, Daniil"]
[Black "Alekseev, Mikhail"]
[Result "1-0"]
[WhiteElo "2138"]
[BlackElo "1903"]
[PlyCount "73"]
[EventDate "2017.10.21"]
[EventRounds "9"]
[EventCountry "RUS"]

1. c4 Nf6 2. Nc3 d5 3. cxd5 Nxd5 4. e4 Nxc3 5. bxc3 g6 6. Nf3 Bg7 7. d4 c5 8.
Be3 Qa5 9. Qd2 Nc6 10. Rc1 O-O 11. d5 Rd8 12. Bd3 e6 13. c4 Nb4 14. Bb1 Bb2 15.
O-O Bxc1 16. Qxc1 Qc7 17. Bg5 exd5 18. Bxd8 Qxd8 19. exd5 Qf6 20. a3 Na6 21.
Re1 Bg4 22. Ne5 Bf5 23. Qf4 Re8 24. g4 Qh4 25. Bxf5 gxf5 26. Qxf5 f6 27. Nf3
Rxe1+ 28. Nxe1 Qg5 29. Qc8+ Kg7 30. Qxb7+ Kh6 31. Qxa6 Qxg4+ 32. Kf1 Qh3+ 33.
Ke2 Qg4+ 34. f3 Qf4 35. Qe6 Qxc4+ 36. Kf2 Kg6 37. Qg4+  1-0

[Event "M.Chigorin Memorial 2017 "]
[Site "?????-?????????"]
[Date "2017.10.22"]
[Round "2"]
[Board "111"]
[White "Zyrjanow, Leonid"]
[Black "Ivanov, Platon-Jaan"]
[Result "0-1"]
[WhiteElo "1873"]
[BlackElo "2134"]
[PlyCount "62"]
[EventDate "2017.10.21"]
[EventRounds "9"]
[EventCountry "RUS"]

1. d4 d5 2. Nf3 Nf6 3. Bg5 Ne4 4. h4 c5 5. c3 Nc6 6. Nbd2 Bf5 7. dxc5 Nxc5 8.
Nd4 Bd7 9. N2b3 Na4 10. Qd2 f6 11. Be3 e5 12. Nxc6 Bxc6 13. f4 Be7 14. h5 Nb6
15. Rh3 Nc4 16. Qc1 Qc7 17. fxe5 fxe5 18. Bc5 Bd7 19. Bxe7 Bxh3 20. Bc5 Be6 21.
h6 b6 22. Bf2 O-O 23. hxg7 Qxg7 24. e4 Qf6 25. Qc2 dxe4 26. Bxc4 Bxc4 27. Qd2
Rad8 28. Qe3 Rd3 29. Qe2 e3 30. Bxe3 Rxe3 31. Qxe3 Qf1+  0-1